CSGO Legendary Teams - Statistics

General Stats
  • This quiz has been taken 2,027 times
  • The average score is 10 of 15
Answer Stats
Hint Answer % Correct
They get carried every game. By a simplistic player. Na'Vi
94%
First major winners. 3 Time major champions. Fnatic
91%
87-0. Made it to the finals 5 times in a row. Choked on the next 10. Ninjas in Pyjamas
91%
EZ4____ Ence
89%
They're like FranzJ but tryhard. 3 Time major winners. Astralis
88%
______ are your ELEAGUE major champions! Cloud9
85%
They won the second major. That's literately all they did. Virtus.Pro
75%
Choke. Now has the smoke criminal. Still trash. Liquid
71%
Basically SK Gaming. MiBR
67%
Ohhhhhhh kqly. $9999 stickers. Nooo seriously..? Titan
58%
They were also known as the "Boys in Blue". White flag, now stars and stripes. EnVyUs
54%
They throw their skins very far.. iBUYPOWER
53%
Houses/housed young talents that are now going nowhere. Mousesports
32%
Big ___stacy. Grayhound Gaming
29%
YEA the boys! Renegades
28%
No matching quizzes found
Score Distribution
Percent of People with Each Score
Percentile by Number Answered
Your Score History
You have not taken this quiz